01087cam a2200277 a 45000010009000000050017000090080041000260100017000670200023000840200026001070200021001330200024001540350023001780400059002010410008002600800021002680820025002891000006003141010008003202450236003285040051005649060045006159420012006609990017006729520120006891452420120180312095948.0060829s2007 dcua b 001 0 eng  a 2006028306 a0309102138 (cloth) a9780309102131 (cloth) a0309660998 (pdf) a9780309660990 (pdf) a(OCoLC)ocm71266412 aDLCcDLCdBAKERdC#PdYDXdYDXCPdOCLCAdCUXdIXAdDLC aeng a636.3/0852 CER00a636.3/0852 CER222 a9 aNUT00aNutrient requirements of small ruminants :cCommittee on Nutrient Requirements of Small Ruminants, Board on Agriculture and Natural Resources, Division on Earth and Life Studies, National Research Council of the National Academies. aIncludes bibliographical references and index. a7bcbccorignewd1eecipf20gy-gencatlg 2ddccBK c44789d44789 00102udc40708PËKGa002b002cPËKGd2018-03-12l0o636.3/0852 CERp002-3001750r2018-03-12w2018-03-12yBK